00411 2200145 4500001002100000008004100021035002000062245006700082100002000149260002800169300002800197084001700225082001100242990001200253INLIS000000000001419 Ind  a0010-0924000016 aJokowi Dulu Kini dan Nanti ( Buku I, II, III )cWidjiono Wasis aWasis, Widjiono aJakartabWanna Bec2018 a197 hlmc15,5 x 23,5 cm a920.71 WID j a920.71 a0750920